000 00992cam a2200313 a 4500
001 4524863
003 ARRUPE
005 20140205112241.0
008 020311s2001 paua b 001 0 eng
010 _a00069091
020 _a156338342X (alk. paper)
035 _a(OCoLC)45637060
035 _a(OCoLC)ocm45637060
035 _a(NNC)4524863
040 _aDLC
_cDLC
_dOrLoB
_dNNUT
042 _apcc
043 _ae------
_aaw-----
_aff-----
050 _aBS2575.6R65
_bC37 2001
090 _aBS2575.6.R65
_bC37 2001
100 1 _aCarter, Warren,
_d1955-
_97946
245 1 0 _aMatthew and empire :
_binitial explorations /
_cWarren Carter
260 _aHarrisburg, PA :
_bTrinity Press International,
_cc2001
300 _av, 249 p. :
_bill. ;
_c23 cm
504 _aIncludes bibliographical references (p. 181-241) and indexes
630 0 0 _aBible.
_pMatthew
_xCriticism, interpretation, etc.
_97947
651 0 _aRome
_xIn the Bible.
_97948
942 _2lcc
_cMONOGRAPH
999 _c119940
_d119940